Sherlock Holmes (Record no. 3631)
[ view plain ]
| 000 -LEADER | |
|---|---|
| fixed length control field | 00223nam a22000857a 4500 |
| 008 - FIXED-LENGTH DATA ELEMENTS--GENERAL INFORMATION | |
| fixed length control field | 161028b xxu||||| |||| 00| 0 eng d |
| 100 ## - MAIN ENTRY--PERSONAL NAME | |
| 9 (RLIN) | 972 |
| Personal name | Doyle.S.A. |
| 245 ## - TITLE STATEMENT | |
| Title | Sherlock Holmes |
| 260 ## - PUBLICATION, DISTRIBUTION, ETC. (IMPRINT) | |
| Place of publication, distribution, etc. | London |
| Name of publisher, distributor, etc. | Three Ess Publications |
| Date of publication, distribution, etc. | 2006 |
| Withdrawn status | Lost status | Source of classification or shelving scheme | Damaged status | Koha normalized classification for sorting | Not for loan | Home library | Current library | Shelving location | Date acquired | Total Checkouts | Total Renewals | Full call number | Barcode | Checked out | Date last seen | Date last checked out | Price effective from | Koha item type |
|---|---|---|---|---|---|---|---|---|---|---|---|---|---|---|---|---|---|---|
| Dewey Decimal Classification | 823_000000000000000 | Good Samaritan School Library | Good Samaritan School Library | FICTION | 10/28/2016 | 8 | 1 | 823 | DOY12066 | 02/06/2026 | 01/30/2026 | 01/30/2026 | 10/28/2016 | BOOK |